Statistics for The Office (U.S.) Pam Halpert trivia?

Click here to take the quiz!

General Stats

  • This quiz has been taken 199 times
  • The average score is 5 of 13

Answer Stats

Hint Answer % Correct
Favourite flavour of yoghurt?Mixed Berry
90%
How long was Pam engaged to Roy for?3 years
88%
The name of Pam's Mother?Helene Beesly
71%
Religious denomination?Presbyterian
50%
What institue of art is Pam accepted into?Pratt Institute
48%
Her preffered flavour of crisps (chips)?French Onion
40%
What film does Pam go and see in the episode "Goodbye, Michael"?The King's Speech
20%
The name of Pam's Grandmother?Sylvia Beesly
19%
The name of Pam's Sister?Penny Beesly
11%
Her birthday?March 25, 1979
10%
What month and year did Pam start working for Dunder Mifflin Scranton?March 2002
4%
The name of Pam's Cousin?Jocelyn Webster
4%
The name of Pam's Father?William Beesly
2%

Score Distribution

Percentile by Number Answered

Percent of People with Each Score

Your Score History

You have not taken this quiz